[Event "IBM-B"]
[Site "Amsterdam"]
[Date "1978.??.??"]
[Round "2"]
[White "Jussupow, Artur"]
[Black "Ligterink, Gert"]
[Result "1/2-1/2"]
[WhiteElo "2450"]
[BlackElo "2440"]

1.e4 d6 2.d4 Nf6 3.f3 g6 4.c4 c5 5.d5 Bg7 6.Nc3 O-O 7.Bg5 e6 8.Qd2 exd5 9.Nxd5 Be6
10.Ne2 Bxd5 11.cxd5 Nbd7 12.Nc3 a6 13.a4 Qc7 14.Be2 c4 15.O-O b5 16.axb5 axb5
17.Be3 Qb7 18.Rfb1 Rfc8 19.b4 Ne8 20.Bd4 Nc7 21.f4 Rxa1 22.Rxa1 Ra8 23.Rxa8+ Qxa8
24.Bxg7 Kxg7 25.Qd4+ f6 26.Bg4 Qa1+ 27.Kf2 Qb2+ 28.Kg3 Nb6 29.Bf3 Na4 30.Qa7 Nxc3
31.Qxc7+ Kg8 32.Qd8+ Kg7 33.Qe7+ Kg8 34.Qe6+ Kg7 35.Qe7+ Kg8 36.e5 fxe5 37.Qe6+ Kg7
38.Qe7+ Kg8 39.Qe6+ Kg7 40.fxe5 Ne2+ 41.Bxe2 Qxe2 42.Qf6+ Kg8 43.Qd8+ Kg7
44.Qf6+ Kg8 45.exd6 Qe3+ 46.Kh4 Qe4+ 47.Kh3 Qxd5 48.Qd8+ Kg7 49.Qe7+ Qf7
50.Qc7 Kf6 51.d7 Qe6+  1/2-1/2

[Event "IBM-B"]
[Site "Amsterdam"]
[Date "1978.??.??"]
[Round "8"]
[White "Jussupow, Artur"]
[Black "Balshan, Amikam"]
[Result "1-0"]
[WhiteElo "2450"]
[BlackElo "2415"]

1.c4 b6 2.d4 e6 3.Bf4 Bb7 4.e3 d6 5.Nf3 Nd7 6.Nc3 Ngf6 7.h3 g6 8.Be2 Bg7
9.O-O O-O 10.Bh2 Qe7 11.Rc1 Ne8 12.b4 f5 13.Qb3 a5 14.c5 axb4 15.cxd6 cxd6
16.Qxb4 g5 17.Ne5 f4 18.Nxd7 Qxd7 19.Qxb6 f3 20.gxf3 Rxf3 21.d5 g4 22.hxg4 Rh3
23.Kg2 Rh6 24.Bf3 exd5 25.Nxd5 Kh8 26.Rc7 Nxc7 27.Qxb7 Ra4 28.Qxc7 Rxg4+
29.Bg3 Qxc7 30.Nxc7 Ra4 31.Bd5 Be5 32.Ne6 Rg6 33.f4 Bf6 34.Rb1 Ra5 35.Rb8+ Rg8
36.Rxg8+ Kxg8 37.e4 Kf7 38.Be1 Ra7 39.Bb4 Be7 40.a4 Kg6 41.a5 h5 42.f5+ Kh6
43.Bd2+ Kh7 44.Bc3 Bh4 45.Kh3 Bf2 46.f6 Kh6 47.a6 Bb6 48.Bb7 Kg6 49.Nf4+  1-0

[Event "IBM-B"]
[Site "Amsterdam"]
[Date "1978.??.??"]
[Round "10"]
[White "Borm, Franciscus WM"]
[Black "Jussupow, Artur"]
[Result "0-1"]
[WhiteElo "2260"]
[BlackElo "2450"]

1.e4 c5 2.Nf3 e6 3.d4 cxd4 4.Nxd4 Nf6 5.Nc3 Nc6 6.Be2 Bb4 7.Qd3 O-O 8.O-O Bxc3
9.bxc3 d5 10.exd5 exd5 11.Bf4 Re8 12.Rae1 Bd7 13.Bf3 Qa5 14.h3 Qxa2 15.Ra1 Qc4
16.Qxc4 dxc4 17.Nb5 Rf8 18.Nd6 Be6 19.Rfd1 Rad8 20.Nxb7 Rxd1+ 21.Rxd1 Ne7
22.Be5 Nfd5 23.Na5 Rc8 24.Bd4 h6 25.Rb1 a6 26.Rb7 Nf5 27.Ra7 Nxd4 28.cxd4 c3
29.Bxd5 Bxd5 30.Rxa6 Be4 31.f3 Bxc2 32.Rc6 Rxc6 33.Nxc6 Bb3 34.Nb4 c2 35.Nd3 Bc4
36.Nc1 f6 37.Kf2 Kf7 38.g3 Ke6 39.Ke3 Kd5 40.h4 f5 41.h5 Bb5  0-1

[Event "IBM-B"]
[Site "Amsterdam"]
[Date "1978.??.??"]
[Round "11"]
[White "Jussupow, Artur"]
[Black "Taulbut, Shaun M"]
[Result "1-0"]
[WhiteElo "2450"]
[BlackElo "2405"]

1.Nf3 g6 2.g3 Bg7 3.d4 Nf6 4.Bg2 O-O 5.O-O d6 6.b3 a5 7.Bb2 Nc6 8.c4 Ne4
9.Nc3 Bf5 10.Rc1 Nxc3 11.Bxc3 Be4 12.d5 Bxf3 13.Bxf3 Ne5 14.Bg2 c5 15.a4 Qc7
16.Bh3 Nd7 17.f4 Bxc3 18.Rxc3 Nf6 19.Re1 Qb6 20.e4 Qb4 21.Rce3 Rad8 22.e5 Ne8
23.Qc2 f6 24.exd6 exd6 25.Be6+ Kh8 26.g4 Ng7 27.R1e2 Rde8 28.Rh3 f5 29.g5 Nxe6
30.dxe6 d5 31.cxd5 Qxf4 32.Qc3+ Kg8 33.Qe3 Qxe3+ 34.Rhxe3 f4 35.Re5 f3 36.Rd2 Rf4
37.d6  1-0

[Event "IBM-B"]
[Site "Amsterdam"]
[Date "1978.??.??"]
[Round "12"]
[White "Van Wijgerden, Cornelis"]
[Black "Jussupow, Artur"]
[Result "1/2-1/2"]
[WhiteElo "2435"]
[BlackElo "2450"]

1.g3 d5 2.Bg2 Nf6 3.Nf3 Bf5 4.O-O e6 5.d3 Be7 6.Nbd2 O-O 7.c4 h6 8.b3 c5
9.Bb2 Nc6 10.cxd5 exd5 11.Re1 d4 12.a3  1/2-1/2

[Event "URS-FL"]
[Site "Ashkhabad"]
[Date "1978.??.??"]
[Round "1"]
[White "Jussupow, Artur"]
[Black "Makarichev, Sergey"]
[Result "1/2-1/2"]
[WhiteElo "2450"]
[BlackElo "2495"]

1.Nf3 Nf6 2.c4 b6 3.g3 Bb7 4.Bg2 e6 5.O-O Be7 6.b3 O-O 7.Bb2 c5 8.e3 d5 9.Nc3 Nbd7
10.Qe2 Ne4 11.cxd5 Nxc3 12.Bxc3 Bxd5 13.e4 Bb7 14.Rfd1 Nf6 15.Ne5 Qc7 16.Rac1 Rac8
17.Bb2 Nd7 18.Nxd7 Qxd7 19.d4 cxd4 20.Rxc8 Qxc8 21.Bxd4 Rd8 22.Bb2 Rxd1+
23.Qxd1 h6 24.Bf3 Qc7 25.Qd3 Bd6 26.Kg2 e5 27.h4 Kf8 28.Bg4 Qc6 29.Bf3 Qc7
30.Qc3 Qxc3 31.Bxc3 Ke7  1/2-1/2

[Event "URS-FL"]
[Site "Ashkhabad"]
[Date "1978.??.??"]
[Round "2"]
[White "Kapengut, Albert Z"]
[Black "Jussupow, Artur"]
[Result "1/2-1/2"]
[WhiteElo "2465"]
[BlackElo "2450"]

1.e4 c5 2.Nf3 e6 3.d4 cxd4 4.Nxd4 Nf6 5.Nc3 Nc6 6.Ndb5 d6 7.Bf4 e5 8.Bg5 a6
9.Na3 b5 10.Nd5 Be7 11.Bxf6 Bxf6 12.c3 O-O 13.Nc2 Bg5 14.a4 bxa4 15.Rxa4 a5
16.Bb5 Bd7 17.O-O Rb8 18.c4 Na7 19.Bxd7 Qxd7 20.Rxa5 Rxb2 21.c5 Rb7 22.Qh5 Bd8
23.Nce3 f6 24.Ra3 dxc5 25.Nf5 g6 26.Rg3 Qe6 27.Rxg6+ hxg6 28.Qxg6+  1/2-1/2

[Event "URS-FL"]
[Site "Ashkhabad"]
[Date "1978.??.??"]
[Round "3"]
[White "Jussupow, Artur"]
[Black "Kochyev, Alexander"]
[Result "1/2-1/2"]
[WhiteElo "2450"]
[BlackElo "2555"]

1.d4 Nf6 2.c4 e6 3.Nc3 Bb4 4.e3 b6 5.Ne2 Ba6 6.Nf4 O-O 7.Bd3 Nc6 8.O-O Bxc3
9.bxc3 Na5 10.c5 Bxd3 11.Nxd3 d6 12.cxd6 cxd6 13.Bd2 Rc8 14.f3 Nd5 15.Rc1 Nc4
16.Re1 b5 17.e4 Ndb6 18.Bf4 Na4 19.Qb3 a6 20.Rc2 Qb6 21.Kh1 Rc6 22.d5 exd5
23.Nb4 Nc5 24.Nxc6 Nxb3 25.Ne7+ Kh8 26.axb3 Ne5 27.Nxd5 Qb7 28.Rd2 f6 29.b4 h6
30.h3 f5 31.Rd4 Qa7 32.Re2 Qf7 33.exf5 Qxf5 34.Ree4 Qh5 35.Ne3 Rf6 36.Rd5 Qf7
37.Bxe5 dxe5 38.Rdxe5  1/2-1/2

[Event "URS-FL"]
[Site "Ashkhabad"]
[Date "1978.??.??"]
[Round "4"]
[White "Tseshkovsky, Vitaly"]
[Black "Jussupow, Artur"]
[Result "1/2-1/2"]
[WhiteElo "2550"]
[BlackElo "2450"]

1.e4 c5 2.Nf3 e6 3.d4 cxd4 4.Nxd4 Nf6 5.Nc3 Nc6 6.Ndb5 d6 7.Bf4 e5 8.Bg5 a6
9.Na3 b5 10.Nd5 Be7 11.Bxf6 Bxf6 12.c3 O-O 13.Nc2 Rb8 14.Be2 Bg5 15.O-O a5
16.b4 Be6 17.a4 bxa4 18.Rxa4 axb4 19.cxb4 Ne7 20.Bc4 Nxd5 21.Bxd5 Qc7 22.Ra2 Kh8
23.Qd3 Bxd5 24.Qxd5 f5 25.exf5 Rxf5 26.Nd4 Rf6 27.Ne6 Qf7 28.Ra8 Rg8 29.Rxg8+ Qxg8
30.Nc7 Rf7 31.Nb5 Be7 32.g3 Rf8 33.Qb7 Qe6 34.Nc7 Qd7 35.b5 d5 36.Qc6 Qxc6
37.bxc6 d4 38.Nb5 d3 39.Rc1 d2 40.Rd1 Bb4 41.Kf1 Rc8  1/2-1/2

[Event "URS-FL"]
[Site "Ashkhabad"]
[Date "1978.??.??"]
[Round "5"]
[White "Jussupow, Artur"]
[Black "Gutman, Lev"]
[Result "0-1"]
[WhiteElo "2450"]
[BlackElo "2420"]

1.c4 Nf6 2.Nc3 d5 3.cxd5 Nxd5 4.g3 Nxc3 5.bxc3 g6 6.Bg2 Bg7 7.Rb1 Nd7 8.Nf3 O-O
9.O-O Nb6 10.Ng5 Qe8 11.Qc2 Rb8 12.c4 Qa4 13.Qxa4 Nxa4 14.Ba3 c5 15.Rb3 Rd8
16.Ne4 b6 17.d3 Bg4 18.Re1 h6 19.Bc1 a6 20.Bf4 Rbc8 21.h3 Be6 22.g4 g5 23.Be3 Bd4
24.Rc1 Rb8 25.Ng3 b5 26.Nf5 Bxf5 27.gxf5 Bxe3 28.fxe3 b4 29.Kf2 a5 30.Bc6 Nb6
31.a4 Rd6 32.Bb5 Rf6 33.e4 Rd8 34.e3 e6 35.d4 exf5 36.e5 Re6 37.Rd1 cxd4
38.exd4 Rxe5 39.d5 Re4 40.Re3 Rxc4 41.Bxc4 Nxc4 42.Re7 Nb2 43.Rd4 Nxa4 44.Rb7 Nc3
45.Kf3 Rd6 46.Rc4 Nxd5 47.Rb5 a4 48.Rd4 a3 49.Rbxb4 Nxb4 50.Rxd6 a2 51.Rd8+ Kg7
52.Ra8 h5 53.Ra5 Kf6 54.Ke2 g4 55.Kf2 f4 56.Kg2 Ke6  0-1

[Event "URS-FL"]
[Site "Ashkhabad"]
[Date "1978.??.??"]
[Round "11"]
[White "Jussupow, Artur"]
[Black "Savon, Vladimir A"]
[Result "1/2-1/2"]
[WhiteElo "2450"]
[BlackElo "2550"]

1.d4 Nf6 2.Nf3 g6 3.Bf4 Bg7 4.e3 O-O 5.Be2 d6 6.O-O c5 7.h3 cxd4 8.exd4 Nc6
9.d5 Ne5 10.Nxe5 dxe5 11.Bxe5 Qxd5 12.Qxd5 Nxd5 13.Bxg7 Kxg7 14.Bf3 Nc7 15.Nc3 Be6
16.Rfd1 Rab8 17.Rd2 Rfc8 18.a4 a5 19.Nb5 Nxb5 20.axb5 Rc5 21.Rxa5 b6 22.Ra7 Rxb5
23.c3 Kf6 24.Be4 Rc5 25.f3 b5 26.Rd4 Rc4 27.Kf2 Rxd4 28.cxd4 Bc4 29.Ke3 Rd8
30.g4 h6 31.h4 g5 32.h5 Rd6 33.Rb7 e6 34.Bc2 Ra6 35.Bd3 Ra1 36.Bxc4 bxc4
37.Rb4 Re1+ 38.Kd2 Rf1 39.Ke2 Rb1 40.Ke3 Ke7 41.Rxc4  1/2-1/2

[Event "URS-FL"]
[Site "Ashkhabad"]
[Date "1978.??.??"]
[Round "15"]
[White "Jussupow, Artur"]
[Black "Tukmakov, Vladimir B"]
[Result "1/2-1/2"]
[WhiteElo "2450"]
[BlackElo "2570"]

1.d4 Nf6 2.Nf3 g6 3.Bf4 Bg7 4.e3 O-O 5.Be2 d6 6.h3 Nbd7 7.O-O Qe8 8.c4 e5
9.Bh2 Ne4 10.Nbd2 Nxd2 11.Qxd2 e4 12.Ne1 Qe7 13.Nc2 f5 14.b4 g5 15.c5 Nf6
16.Na3 f4 17.exf4 g4 18.hxg4 Nxg4 19.Bxg4 Bxg4 20.Rae1 dxc5 21.dxc5 Rad8
22.Qc1 Rd3 23.Re3 Rfd8 24.Qc4+ Qf7 25.Qxe4 Bf5 26.Qc4 Rxe3 27.fxe3 Rd2 28.Qxf7+ Kxf7
29.Nc4 Rxa2 30.Ne5+ Bxe5  1/2-1/2

[Event "Wch U20"]
[Site "Graz"]
[Date "1978.??.??"]
[Round "1"]
[White "Jussupow, Artur"]
[Black "Santo Roman, Marc"]
[Result "1-0"]
[WhiteElo "2450"]
[BlackElo "2200"]

1.c4 Nf6 2.Nc3 g6 3.e4 d6 4.d4 Bg7 5.f3 O-O 6.Bg5 c5 7.d5 h6 8.Be3 Na6 9.Qd2 Kh7
10.Bd3 Nc7 11.Nge2 a6 12.O-O Rb8 13.a4 Bd7 14.a5 b5 15.axb6 Rxb6 16.e5 Ng8
17.f4 Qb8 18.Ra2 Qb7 19.g3 Rb8 20.f5 Rxb2 21.fxg6+ fxg6 22.Bxg6+ Kh8 23.Rxb2 Qxb2
24.Bc2 Bxe5 25.Qd3  1-0

[Event "Wch U20"]
[Site "Graz"]
[Date "1978.??.??"]
[Round "2"]
[White "Ristic, Nenad"]
[Black "Jussupow, Artur"]
[Result "1/2-1/2"]
[WhiteElo "2200"]
[BlackElo "2450"]

1.Nf3 d5 2.d4 Nf6 3.c4 e6 4.Bg5 Be7 5.Nc3 O-O 6.e3 h6 7.Bxf6 Bxf6 8.Rc1 c6
9.Bd3 Nd7 10.O-O dxc4 11.Bxc4 e5 12.Ne4 exd4 13.Nxf6+ Nxf6 14.Qxd4 Bg4 15.Qxd8 Raxd8
16.Ne5 Bh5 17.h3 Nd7 18.Nxd7 Rxd7 19.f4 Re8 20.g4 Bg6 21.f5 Bh7 22.Rcd1 Rde7
23.Rf3 Kf8 24.Kf2 f6 25.Rd3 Bg8 26.Bxg8 Kxg8 27.Rf4 c5 28.Rc4 b6 29.Kf3 Kf7
30.a4 Re5 31.b4  1/2-1/2

[Event "Wch U20"]
[Site "Graz"]
[Date "1978.??.??"]
[Round "5"]
[White "Jussupow, Artur"]
[Black "Fries Nielsen, Jens Ove"]
[Result "1/2-1/2"]
[WhiteElo "2450"]
[BlackElo "2300"]

1.c4 Nf6 2.Nc3 d5 3.cxd5 Nxd5 4.g3 g6 5.Bg2 Nxc3 6.bxc3 Bg7 7.Rb1 Nd7 8.Nf3 O-O
9.O-O Nb6 10.Ng5 Qe8 11.Ne4 Bd7 12.Nc5 Bc6 13.e4 e5 14.d4 Qe7 15.Be3 exd4
16.cxd4 Nc4 17.Qe2 Nxe3 18.Qxe3 b6 19.Nd3 Bb7 20.Rfc1 Rac8  1/2-1/2

[Event "Wch U20"]
[Site "Graz"]
[Date "1978.??.??"]
[Round "6"]
[White "Jussupow, Artur"]
[Black "Dolmatov, Sergey"]
[Result "1/2-1/2"]
[WhiteElo "2450"]
[BlackElo "2495"]

1.c4 e6 2.g3 d5 3.Bg2 Nf6 4.Nf3 Be7 5.O-O O-O 6.d4 dxc4 7.Qc2 Bd7 8.Ne5 Bc6
9.Nxc6 Nxc6 10.e3 Na5 11.Rd1 c6 12.Nd2 b5 13.b3 cxb3 14.axb3 Qb6 15.Ba3 b4
16.Bb2 Rac8 17.e4 Rfd8 18.Qb1 c5 19.Qa2 Nc6 20.d5 exd5 21.exd5 Nd4 22.Nc4 Qc7
23.Bxd4 cxd4 24.Rxd4 Bc5 25.Rd2 Ne8 26.Re1 Nd6 27.Nxd6 Qxd6 28.Qb1 Re8 29.Rde2 Rxe2
30.Rxe2 g6 31.Qe4 Bb6  1/2-1/2

[Event "Wch U20"]
[Site "Graz"]
[Date "1978.??.??"]
[Round "7"]
[White "Bjork, Carl Magnus"]
[Black "Jussupow, Artur"]
[Result "1/2-1/2"]
[WhiteElo "2200"]
[BlackElo "2450"]

1.e4 c5 2.Nf3 e6 3.d4 cxd4 4.Nxd4 Nf6 5.Nc3 Nc6 6.Ndb5 d6 7.Bf4 e5 8.Bg5 a6
9.Na3 b5 10.Bxf6 gxf6 11.Nd5 f5 12.exf5 Bxf5 13.c3 Bg7 14.Nc2 O-O 15.Be2 Be6
16.O-O f5 17.a4 bxa4 18.Rxa4 a5 19.Qd2 Kh8 20.Bb5 Ne7 21.Nxe7 Qxe7 22.Rfa1 f4
23.Rxa5 Rxa5 24.Rxa5 f3 25.g3 d5 26.Bf1 Qd7 27.Qd1 Qc7  1/2-1/2

[Event "Wch U20"]
[Site "Graz"]
[Date "1978.??.??"]
[Round "8"]
[White "Jussupow, Artur"]
[Black "Cordes, Hans Joerg"]
[Result "1/2-1/2"]
[WhiteElo "2450"]
[BlackElo "2200"]

1.c4 c5 2.Nc3 Nc6 3.Nf3 g6 4.g3 Bg7 5.Bg2 e6 6.O-O Nge7 7.d4 Nxd4 8.Nxd4 cxd4
9.Nb5 d5 10.cxd5 Nxd5 11.Bxd5 exd5 12.Nxd4 O-O 13.Be3 Be6 14.Qd2 Re8 15.Rac1 Qd7
16.Bh6 Bh8 17.Qf4 Bh3 18.Rc7 Be5 19.Qxe5 Rxe5 20.Rxd7 Bxd7 21.h4 f6 22.Bf4 Re4
23.Rd1 Kf7 24.f3 Ree8 25.Kf2 Rac8 26.g4 Rc4 27.b3 Rcc8 28.g5 a6 29.a4 Ke7
30.Rh1 Bf5 31.Bd2 Kf7 32.Rg1 Bd7 33.Bf4 Be6 34.Bd6 Rcd8 35.Ba3 Rc8 36.Bb2 fxg5
37.hxg5 Rc7 38.Bc1 Bf5 39.Bf4 Rcc8 40.Rh1 Kg7 41.Bd6 Kg8 42.Rd1 Bc2 43.Rd2  1/2-1/2

[Event "Wch U20"]
[Site "Graz"]
[Date "1978.??.??"]
[Round "9"]
[White "Petursson, Margeir"]
[Black "Jussupow, Artur"]
[Result "0-1"]
[WhiteElo "2350"]
[BlackElo "2450"]

1.c4 e5 2.Nc3 Nc6 3.g3 g6 4.Bg2 Bg7 5.e3 d6 6.Nge2 Nh6 7.Rb1 a5 8.a3 Be6
9.Nd5 O-O 10.O-O Qd7 11.b4 Bh3 12.d3 Bxg2 13.Kxg2 f5 14.f4 axb4 15.axb4 exf4
16.gxf4 Ne7 17.Ndc3 Kh8 18.Qb3 Ng4 19.Bd2 Qe6 20.Rf3 c6 21.h3 Nf6 22.Rf2 Nh5
23.Ng1 h6 24.Nf3 g5 25.fxg5 hxg5 26.Nxg5 Qh6 27.Nf3 Rg8 28.Kf1 Ng6 29.Ke1 f4
30.e4 Ne5 31.Nxe5 Bxe5 32.Kd1 Bd4 33.Rf3 Rg2 34.Ne2 Rxe2 35.Kxe2 Qg7 36.Qd1 Qg2+
37.Ke1 Ng3 38.Bxf4 Bc3+  0-1

[Event "Wch U20"]
[Site "Graz"]
[Date "1978.??.??"]
[Round "11"]
[White "Foisor, Ovidiu"]
[Black "Jussupow, Artur"]
[Result "0-1"]
[WhiteElo "2310"]
[BlackElo "2450"]

1.d4 Nf6 2.c4 e6 3.Nf3 b6 4.g3 Bb4+ 5.Bd2 a5 6.Bg2 O-O 7.O-O Ba6 8.Bxb4 axb4
9.Nbd2 d5 10.Ne5 Qd6 11.e4 Nbd7 12.Re1 Bb7 13.exd5 exd5 14.Qb3 Rfe8 15.Nxd7 Rxe1+
16.Rxe1 Qxd7 17.Qxb4 Rxa2 18.c5 Ra4 19.Qc3 h6 20.h3 Ba6 21.b3 Ra2 22.Ra1 Rxa1+
23.Qxa1 Be2 24.cxb6 cxb6 25.Qc3 Qf5 26.Qe3 Bb5 27.Qc3 Qe6 28.Qe3 Qc8 29.Kh2 Qc2
30.Bf3 Bd3 31.Kg2 b5 32.g4 b4 33.Kg3 Be4 34.Kg2 g5 35.Bxe4 dxe4 36.Kg3 Qc3
37.Kh2 Kg7 38.Kg1 Qc2 39.Kh2 Qc3 40.Kg1 Qc2 41.Kh2 Nd5 42.Qe1 Qc3 43.Qxe4 Qxd2
44.Qxd5 Qxf2+ 45.Kh1 Qf1+ 46.Kh2 Qf2+ 47.Kh1 Qg3 48.Qe4 Qxh3+ 49.Kg1 Qg3+
50.Kh1 Qxb3 51.Qe5+ f6 52.Qe7+ Qf7 53.Qxb4 h5 54.gxh5 Qxh5+ 55.Kg1 Qg4+ 56.Kf2 Qf4+
57.Kg1 g4 58.Qe7+ Kg6 59.Qe8+ Kf5 60.Qd7+ Ke4 61.Qc6+ Kxd4 62.Qa4+ Ke5 63.Qb5+ Ke4
64.Qc6+ Ke3 65.Qc3+ Ke2 66.Qc2+ Qd2 67.Qc4+ Kf3 68.Qc6+ Kg3 69.Qc7+ Qf4 70.Qc3+ Kh4
71.Qc8 Qd4+ 72.Kg2 Qd5+ 73.Kg1 g3 74.Qh8+ Kg4 75.Qg7+ Qg5 76.Qd7+ Qf5  0-1

[Event "Wch U20"]
[Site "Graz"]
[Date "1978.??.??"]
[Round "12"]
[White "Toshkov, Tihomir"]
[Black "Jussupow, Artur"]
[Result "0-1"]
[WhiteElo "2200"]
[BlackElo "2450"]

1.d4 c5 2.d5 e5 3.c4 d6 4.Nc3 Be7 5.Nf3 Bg4 6.e4 Bxf3 7.Qxf3 Bg5 8.Bxg5 Qxg5
9.Nb5 Qd8 10.h4 a6 11.Nc3 Nd7 12.g3 Ne7 13.Bh3 O-O 14.Kf1 Kh8 15.Kg2 f5 16.exf5 g6
17.Ne4 Nxf5 18.Qb3 Nf6 19.Ng5 Qe7 20.Ne6 Nd4 21.Nxd4 cxd4 22.Qd3 b5 23.Rhe1 Nh5
24.Qxd4 Qf7 25.Qd2 bxc4 26.Bg4 Nf6 27.Be6 Qb7 28.Rac1 Rab8 29.Rxc4 Qxb2 30.Re2 Qb7
31.Rc6 Ne8 32.Qa5 Qb1 33.Qxa6 Qd1 34.f4 Rb1 35.Kh3 exf4 36.Qc4 Nf6 37.Rf2 f3
38.Rc8 Rxc8 39.Qxc8+ Kg7 40.Qc7+ Kh6 41.Qc4 Qh1+ 42.Rh2 Qf1+ 43.Qxf1 Rxf1
44.g4 g5 45.Bf5 Rg1 46.h5 Nxd5 47.Rf2 Kg7 48.Kh2 Ra1 49.Kg3 Nc3 50.Rxf3 Ne2+
51.Kf2 Nd4 52.Ra3 Nxf5 53.gxf5 Kf6 54.Ra5 Rh1 55.a4 Rxh5 56.Rd5 Rh4 57.a5 h5
58.Rxd6+ Kxf5 59.Rd5+ Kf6 60.Rb5 Ra4 61.Kf3 h4 62.Rb6+ Kf5 63.Rb5+ Kg6 64.Rb6+ Kh5
65.a6 Ra3+ 66.Kg2 h3+ 67.Kh2 Kh4 68.Rh6+ Kg4 69.Rc6 Ra2+ 70.Kh1 Kg3 71.Rc3+ Kh4  0-1

[Event "Wch U20"]
[Site "Graz"]
[Date "1978.??.??"]
[Round "13"]
[White "Jussupow, Artur"]
[Black "Karolyi, Tibor Jr"]
[Result "1/2-1/2"]
[WhiteElo "2450"]
[BlackElo "2200"]

1.d4 Nf6 2.Nf3 e6 3.Bg5 c5 4.e3 Qb6 5.Nbd2 cxd4 6.exd4 Be7 7.Bd3 d6 8.O-O Nbd7
9.c4 Qc7 10.Qe2 b6 11.Rae1 O-O 12.Nh4 Re8 13.f4 Bb7 14.Nhf3 Rac8 15.Kh1 Bf8
16.Qf2 g6 17.Qh4 Bg7 18.Bh6 Nh5 19.Bxg7 Nxg7 20.Ng5 Nf8 21.Re3 Nf5 22.Bxf5 exf5
23.Qe1 Qd7 24.d5 b5 25.b3 bxc4 26.bxc4 Ba6 27.Rxe8 Qxe8 28.Qf2 Rc7 29.h3 Qa4
30.Re1 Qc2 31.Re8 h6 32.Ngf3 Bxc4 33.Qh4 Bb5 34.Rb8 Bd7 35.Qxh6 Rc8  1/2-1/2

[Event "URS-ch U26"]
[Site "Vilnius"]
[Date "1978.??.??"]
[Round "1"]
[White "Jussupow, Artur"]
[Black "Yurtaev, Leonid"]
[Result "1/2-1/2"]
[WhiteElo "2450"]
[BlackElo "2375"]

1.Nf3 c5 2.c4 g6 3.g3 Bg7 4.Bg2 Nc6 5.O-O e5 6.Nc3 Nge7 7.Ne1 O-O 8.Nc2 d6
9.a3 Be6 10.Ne3 f5 11.Ned5 f4 12.b4 Qd7 13.bxc5 dxc5 14.Rb1 Rae8 15.d3 Kh8
16.Bd2 Bh3 17.Rxb7 Qxb7 18.Bxh3 Nxd5 19.Nxd5 fxg3 20.hxg3 e4 21.Bf4 exd3
22.Qxd3 Ne5 23.Qc2 Rf7 24.Bg2 Qa6 25.Ne3 Qxa3 26.Rb1 Qa6 27.Bd5 Rff8 28.Rb7 Nc6
29.Bxc6 Qxc6 30.Rxa7 Ra8 31.Rxa8 Rxa8 32.Nd5 Qe6 33.Kg2 Re8 34.Be3 Qg4 35.Qd3 Qc8
36.Bf4 Bd4 37.e3 Bg7 38.Bg5 Qe6 39.Bf4 Kg8 40.Bc7 Qe4+ 41.Qxe4 Rxe4 42.Nb6 Kf7
43.Bd6 Re6 44.Bxc5 Rc6 45.Na4 Bf6 46.f4 g5 47.g4 Ra6 48.Nb6 Bd8 49.Nd5 Rc6
50.Bd4 Rxc4 51.f5 Rc2+ 52.Kf3 Rh2 53.Be5 Rh1 54.Bg3 Rd1 55.e4 Rd3+ 56.Kf2 Ba5
57.Bd6 Bd8 58.Be5 Ba5 59.Ke2 Rd2+ 60.Ke3 Rd1 61.Bd4 Be1 62.Be5 Ba5 63.Bh8 Bd8
64.Bc3 Rg1 65.e5 Rxg4 66.e6+ Ke8 67.f6 Rg3+ 68.Ke4 Rxc3 69.f7+ Kf8 70.Nxc3 h5
71.Kf5 Kg7 72.Nd5 h4 73.Kg4 Ba5 74.Kh3 Bd2 75.Kg4 Ba5 76.Ne7 Bb4 77.Nf5+ Kf6  1/2-1/2

[Event "URS-ch U26"]
[Site "Vilnius"]
[Date "1978.??.??"]
[Round "3"]
[White "Machulsky, Anatoly D"]
[Black "Jussupow, Artur"]
[Result "1/2-1/2"]
[WhiteElo "2350"]
[BlackElo "2450"]

1.e4 e5 2.Nf3 Nf6 3.Nxe5 d6 4.Nf3 Nxe4 5.d4 d5 6.Bd3 Be7 7.O-O Bg4 8.Re1 Nc6
9.c4 Nf6 10.cxd5 Nxd5 11.Nc3 O-O 12.Be4 Be6 13.Qc2 h6 14.Bf5 Ncb4 15.Qb1 Bxf5
16.Qxf5 Bf6 17.a3 Nxc3 18.bxc3 Nd5 19.Bd2 c6 20.Re4 Ne7 21.Qg4 Kh7 22.c4 Qc8
23.Qxc8 Rfxc8 24.Bb4 Nf5 25.Rd1 Nxd4 26.Nxd4 c5 27.Nb5 cxb4 28.axb4 b6 29.Nd6 Rd8
30.b5 Rd7 31.Re2 Bc3 32.Rd5 Rad8 33.Ne4 Rxd5 34.cxd5 Bb4 35.d6 f5 36.Rb2 Ba5
37.Ng3 Rxd6 38.Kf1 Rd5 39.Ke2 Bc3 40.Rc2 Bf6 41.Rc7 Rxb5 42.Rxa7 Rb2+ 43.Kf3 Kg6
44.Rd7 b5 45.Rd5 b4 46.Rb5 b3 47.Nxf5 Rc2 48.Ne3 Rc3 49.Ke2 b2 50.Ng4 Rc5
51.Rb6 Rc2+ 52.Ke3 Kf5 53.Nxf6 gxf6 54.Rb5+ Ke6 55.g4 Kd6 56.h4 Kc6 57.Rb8 Kd5
58.f3 Kc4 59.Kf4 Rd2 60.Rc8+ Kd3 61.Rb8 Kc2 62.Rc8+ Kd1 63.Rb8 Kc1 64.Kf5 b1=Q+
65.Rxb1+ Kxb1 66.Kxf6 Kc2 67.Kg7 Kd3 68.Kxh6 Ke3 69.g5  1/2-1/2

[Event "URS-ch U26"]
[Site "Vilnius"]
[Date "1978.??.??"]
[Round "11"]
[White "Dolmatov, Sergey"]
[Black "Jussupow, Artur"]
[Result "1/2-1/2"]
[WhiteElo "2495"]
[BlackElo "2450"]

1.e4 e5 2.Nf3 Nc6 3.Bc4 Nf6 4.d3 Be7 5.Bb3 d6 6.c3 O-O 7.Nbd2 Nd7 8.d4 exd4
9.Nxd4 Bf6 10.Nxc6 bxc6 11.O-O Nc5 12.Qf3 a5 13.Bc2 a4 14.Qe3 Re8 15.Rb1 Qe7
16.Re1 Be6 17.b4 axb3 18.axb3 Ra2 19.Bb2 g6 20.f4 Rb8 21.b4 Nd7 22.Bb3 Bxb3
23.Nxb3 c5 24.Nc1 Ra4 25.Nd3 c4 26.Nf2 c5 27.e5 dxe5 28.Ng4 Bg7 29.Rbd1 Qe6
30.Nxe5 Nxe5 31.fxe5 cxb4 32.Rd6 Qe7 33.cxb4 Raxb4 34.Bc3 Rb1 35.h3 h5 36.Rc6 Rxe1+
37.Qxe1 Re8 38.Rxc4 Bxe5 39.Bxe5 Qxe5 40.Qxe5 Rxe5 41.h4 Kg7 42.Kf2 Kf6 43.Kf3 Rd5  1/2-1/2

[Event "URS-ch U26"]
[Site "Vilnius"]
[Date "1978.??.??"]
[Round "12"]
[White "Jussupow, Artur"]
[Black "Kharitonov, Andrei Y"]
[Result "1/2-1/2"]
[WhiteElo "2450"]
[BlackElo "2435"]

1.c4 b6 2.Nc3 Bb7 3.d4 Nf6 4.Bg5 e6 5.e3 h6 6.Bh4 Bb4 7.f3 Bxc3+ 8.bxc3 d6
9.Bd3 Nbd7 10.Ne2 Qe7 11.e4 g5 12.Bf2 O-O-O 13.Qc2 Rdg8 14.O-O-O Nh5 15.Kb1 Kb8
16.Be3 Qf6 17.Qa4 Qe7 18.g4 Ng7 19.c5 dxc5 20.Bb5 Rd8 21.Bxd7 Rxd7 22.dxc5 Rxd1+
23.Rxd1 Rd8 24.Rxd8+ Qxd8 25.Qd4 Qxd4 26.Bxd4 Ne8 27.Ng3 f6 28.Kc2 Kc8 29.Nh5 e5
30.Be3  1/2-1/2

[Event "URS-FL"]
[Site "Frunze"]
[Date "1979.??.??"]
[Round "14"]
[White "Jussupow, Artur"]
[Black "Makarichev, Sergey"]
[Result "1/2-1/2"]
[WhiteElo "2490"]
[BlackElo "2500"]

1.d4 Nf6 2.c4 e6 3.Nf3 d5 4.Nc3 c5 5.cxd5 Nxd5 6.e4 Nxc3 7.bxc3 cxd4 8.cxd4 Nc6
9.Bd3 Bb4+ 10.Bd2 Bxd2+ 11.Qxd2 O-O 12.e5 Qa5 13.Qxa5 Nxa5 14.Ke2 h6 15.Rhc1 Bd7
16.Rc5 b6 17.Rc7 Bc6 18.Ba6 Rad8 19.Ke3 Rd7 20.Rxd7 Bxd7 21.Rc1 Bc6 22.Nd2 Rb8
23.Bd3 Bd5 24.a3 b5 25.g4 g5 26.Rb1 a6 27.Ne4 Bxe4 28.Kxe4 Rd8 29.Rd1  1/2-1/2

[Event "URS-ch47"]
[Site "Minsk"]
[Date "1979.??.??"]
[Round "?"]
[White "Jussupow, Artur"]
[Black "Dolmatov, Sergey"]
[Result "1/2-1/2"]
[WhiteElo "2490"]
[BlackElo "2495"]

1.d4 d5 2.c4 c6 3.Nc3 Nf6 4.cxd5 cxd5 5.Bf4 Nc6 6.e3 Qb6 7.Bd3 Bg4 8.Nge2 a6
9.O-O Bxe2 10.Qxe2 e6 11.Bg5 Be7 12.f4 Nd7 13.Rac1 O-O 14.Bxe7 Nxe7 15.Na4 Qd6
16.a3 Rfc8  1/2-1/2

[Event "URS-ch47"]
[Site "Minsk"]
[Date "1979.??.??"]
[Round "?"]
[White "Romanishin, Oleg M"]
[Black "Jussupow, Artur"]
[Result "0-1"]
[WhiteElo "2560"]
[BlackElo "2490"]

1.Nf3 Nf6 2.g3 b6 3.Bg2 Bb7 4.O-O e6 5.d3 d5 6.c3 Nbd7 7.Nbd2 Be7 8.e4 dxe4
9.dxe4 e5 10.Qe2 O-O 11.Rd1 Qe8 12.Nh4 Nc5 13.Nf5 Rd8 14.b3 Nd3 15.Nc4 Nxc1
16.Raxc1 g6 17.Rxd8 Bxd8 18.Nfe3 Nxe4 19.Nd2 Nd6 20.Bxb7 Nxb7 21.Ng4 f6 22.Re1 Nd6
23.Ne4 Nxe4 24.Qxe4 Qe6 25.Ne3 f5 26.Qb7 a5 27.Nd5 Qd6 28.Rd1 f4 29.Qa6 c6
30.Ne3 Qe6 31.Qc4 Qxc4 32.Nxc4 Bc7 33.Re1 fxg3 34.hxg3 Re8 35.Rd1 Re7 36.Kg2 b5
37.Ne3 Kf7 38.a4 bxa4 39.bxa4 Ke6 40.Nc4 h5 41.Kf3 Rd7 42.Rc1 Rf7+ 43.Ke2 g5
44.Nd2 Bd8 45.Ne4 Be7 46.Rh1 h4 47.g4 Kd5 48.f3 Kc4 49.Rb1 h3 50.Kf2 Rh7
51.Kg1 Bc5+ 52.Nxc5 h2+ 53.Kh1 Kxc5 54.Ra1 Kd5 55.Rd1+ Kc4 56.Re1 Kd5 57.Rd1+ Kc4
58.Rd6 c5 59.Rg6 Kxc3 60.Rxg5 Kd4 61.Rg8 c4 62.Rd8+ Ke3 63.Rc8 Kxf3 64.Rxc4 e4
65.g5 e3 66.Rc6 Re7  0-1

[Event "Wch U18"]
[Site "Skien"]
[Date "1979.??.??"]
[Round "?"]
[White "Lau, Ralf"]
[Black "Jussupow, Artur"]
[Result "1/2-1/2"]
[WhiteElo "2440"]
[BlackElo "2490"]

1.e4 e5 2.Nf3 Nf6 3.Nxe5 d6 4.Nf3 Nxe4 5.d4 d5 6.Bd3 Be7 7.O-O Nc6 8.Re1 Bg4
9.c3 f5 10.Nbd2 Qd6 11.Qc2 O-O 12.b4 Bf6 13.a4 Rae8 14.Ba3 Qf4 15.b5 Ne7
16.Bc1 Qd6 17.Ba3 Qf4 18.Bc1  1/2-1/2

[Event "WchT U26"]
[Site "Mexico"]
[Date "1980.??.??"]
[Round "?"]
[White "Alvarez, Jose"]
[Black "Jussupow, Artur"]
[Result "1/2-1/2"]
[WhiteElo "2200"]
[BlackElo "2485"]

1.e4 e5 2.Nf3 Nc6 3.Bb5 a6 4.Ba4 Nf6 5.O-O Nxe4 6.d4 b5 7.Bb3 d5 8.dxe5 Be6
9.Be3 Nc5 10.Bxc5 Bxc5 11.Nc3 Ne7 12.a4 c6 13.axb5 axb5 14.Rxa8 Qxa8 15.Ne2 Bg4
16.Nf4 O-O 17.h3 Bxf3 18.Qxf3 Bd4 19.Nd3 Bb6 20.c3 c5 21.Nf4 c4 22.Bc2 d4
23.Be4 Qb8 24.cxd4 Bxd4 25.Bxh7+ Kxh7 26.Qe4+ Kg8 27.Qxd4 Nc6 28.Qc5 Qxe5
29.Qxc6 Qxf4 30.Qxb5 Rb8 31.Qc6 Rxb2 32.g3 Qf5 33.Qxc4  1/2-1/2